| 000 | 00851nam a22001817a 4500 | ||
|---|---|---|---|
| 003 | BDDh-ASL | ||
| 005 | 20231015031007.0 | ||
| 008 | 220811s19811977b ||||| |||| 00| 0 b d | ||
| 040 | _cBDDh-ASL | ||
| 082 |
_a300 _bPAL |
||
| 245 | 0 |
_aপল্লী উন্নয়ন ও প্রাসঙ্গিক ভাবনা: _bড: আখতার হামিদ খানের বক্তৃতা সংকলন / |
|
| 246 | _aPalli Unnayon O Prasongik Bhabna. | ||
| 260 |
_aকুমিল্লা: _bবাংলাদেশ পল্লী উন্নয়ন একাডেমী, _c১৯৮১। |
||
| 300 |
_a১৮৬ পৃষ্ঠা, _c২৪ সে.মি. |
||
| 650 | 0 |
_95535 _aSocial Science (সমাজ বিজ্ঞান) |
|
| 700 | 1 |
_96400 _aহক, মোহাম্মদ লুতফুল |
|
| 942 |
_2ddc _cBK |
||
| 999 |
_c29051 _d29051 |
||